00872na a2200241 450000100060000000300080000600500170001400800410003102000180007204000250009004100080011508200230012311100750014624501580022126000620037930000260044150000200046761000200048765000460050765000380055370000210059170000180061219185MIRAKIL20181213155058.0161209b tu 000 0  a9789750099489 aMilasbturcTR-AnCHP atur a370.9561bM87 2009 aMustafa Necati ve Cumhuriyet Eğitim Devrimi cİzmird2-3 Ocak 2009 aÖlümünün 80. yılında Mustafa Necati ve cumhuriyet eğitim devrimibsempozyum bildirilericyayına hazırlayanlar Kemal Kocabaş, Zeki Arıkan aİzmirbYeni Kuşat Köy Enstitüleri Derneğic2009 a447 s.bfotg.c24 sm. aKaynakça var. aNecati, Mustafa aEğitim devrimixToplantılarzTürkiye aEğitimxToplantılarzTürkiye aKocabaş, Kemal aArıkan, Zeki